000 00384nam a22001577a 4500
003 OSt
005 20231220105058.0
008 231220b |||||||| |||| 00| 0 eng d
020 _a9789350141694
040 _cIIMT UNIVERSITY
100 _aKATIYAR, SAPNA
245 _aSATELLITE COMMUNICATION
260 _aNEW DELHI
_bS.K.KATARIA AND SONS
_c2013
300 _a344
942 _2ddc
_c06
999 _c57834
_d57834